| 000 | 01305cam a22003371i 4500 | ||
|---|---|---|---|
| 001 | 10230617 | ||
| 003 | EG-ScBUE | ||
| 005 | 20250218103157.0 | ||
| 008 | 720623s1949 nyud f 001 0 eng d | ||
| 035 | _a(OCoLC)339897 | ||
| 040 |
_aEG-ScBUE _beng _erda _cEG-ScBUE _dEG-ScBUE |
||
| 041 | 1 |
_aeng _hger |
|
| 082 | 0 | 4 |
_a515.353 _bSOM _222 |
| 100 | 1 |
_aSommerfeld, Arnold, _d1868-1951, _eauthor. _97955 |
|
| 240 | 1 | 0 |
_aPartielle Differentialgleichungen der Physik. _lEnglish. |
| 245 | 1 | 0 |
_aPartial differential equations in physics / _cby Arnold Sommerfeld, University of Munich, Germany ; translated by Ernst G. Straus, The Institute for Advanced Study, Princton, N.J. |
| 264 | 1 |
_aNew York, N.Y. : _bAcademic Press INC., _c1949. |
|
| 300 |
_axi, 335 pages : _bdiagrams ; _c24 cm. |
||
| 336 |
_2rdacontent _atext _btxt |
||
| 337 |
_aunmediated _2rdamedia _bn |
||
| 338 |
_avolume _bnc _2rdacarrier |
||
| 490 | 0 |
_aPure and applied mathematics ; _vvolume 1 |
|
| 500 | _aIncludes index. | ||
| 500 | _aIncludes appendix. | ||
| 546 | _aText in English ; translated from the original German language. | ||
| 650 | 7 |
_aDifferential equations, Partia. _97957 _2BUEsh |
|
| 650 | 7 |
_aMathematical physics. _97958 _2BUEsh |
|
| 655 | _vReading book | ||
| 700 | 1 |
_aStraus, Ernst G., _etranslator. |
|
| 942 |
_2ddc _cBB |
||
| 999 |
_c12324 _d12324 |
||